Historyczne państwa w których mieszkańcy uważali władców za boskich - Statystyki

Ogólne statystyki
  • Ten quiz został rozwiązany 7 razy
  • Średni wynik to 5 z 7
Statystyki odpowiedzi
Obrazkowy Hint Odpowiedź % Poprawnych
Cesarz Cesarstwo Wielkiej Japonii/Japonia
100%
Faraon Starożytny Egipt/Egipt
100%
Cesarz Cesarstwo Chin(różne dynastie)/Chiny/ChRL
83%
Król Królestwo Nepalu/Nepal
83%
Cesarz Imperium Rzymskie/Włochy
67%
Władca Jawa/Majapahit/Indonezja
33%
Król Imperium Khmerów/Kambodża
17%
Nie znaleziono quizów pasujących do podanych kryteriów
Rozkład punktacji
Procent ludzi z każdym wynikiem
Percentyl według liczby udzielonych odpowiedzi
Twoja historia wyników
Nie rozwiązałeś tego quizu